| 000 | 00772cam a22002294a 4500 | ||
|---|---|---|---|
| 001 | 12026073 | ||
| 005 | 20250122114745.0 | ||
| 008 | 000531s2001 pau b 001 0 eng c | ||
| 020 | _a9780803607040 | ||
| 050 | 0 | 0 |
_aR733 _b.S54 2001 |
| 082 | 0 | 0 |
_a615.5 _221 |
| 100 | 1 |
_aSierpina, Victor S., _d1949- |
|
| 245 | 1 | 0 |
_aIntegrative health care : _bcomplementary and alternative therapies for the whole person / _cVictor S. Sierpina, foreword by Larry Dossey |
| 260 |
_aPhiladelphia : _bF.A. Davis, _cc2001. |
||
| 300 |
_axxiv, 396 p. ; _c23 cm. |
||
| 650 | 0 | _aAlternative medicine. | |
| 650 | 0 | _aIntegrated delivery of health care. | |
| 650 | 1 | 2 | _aAlternative Medicine. |
| 650 | 2 | 2 | _aDelivery of Health Care, Integrated. |
| 650 | 2 | 2 | _aHolistic Health. |
| 942 |
_2lcc _cBK _n0 |
||
| 999 |
_c2780 _d2780 |
||